| 000 | 00949nam a2200241 a 4500 | ||
|---|---|---|---|
| 003 | OSt | ||
| 005 | 20141125180459.0 | ||
| 008 | 140627s2014 spca||||||||| 000 0 spa|d | ||
| 020 | _a9788449043499 (UAB) | ||
| 020 | _a9788415443032 (UJI) | ||
| 020 | _a9788437092928 (UV) | ||
| 040 |
_bcat _cCDMR |
||
| 100 | 1 |
_aGifreu, Josep _9366 |
|
| 245 | 1 | 3 |
_aEl Català a l'espai de comunicació _b: el procés de normalització de la llengua als mèdia (1976-2013) _cJosep Gifreu ; pròleg d'Isidor Marí |
| 260 |
_aBellaterra : _bUniversitat Autònoma de Barcelona ; _aCastelló de la Plana : _bUniversitat Jaume I ; _aBarcelona : _bUniversitat Pompeu Fabra ; _aValència : _bUniversitat de València, _c2014 |
||
| 300 |
_a272 p. _c24 cm |
||
| 490 |
_aAldea global _v29 |
||
| 504 | _aBibliografia | ||
| 650 | 0 | 4 |
_aMitjans de comunicació de massa i llenguatge _zPaïsos Catalans _93377 |
| 650 | 0 | 4 |
_aCatalà _93328 _xNormalització |
| 940 | _aUAB | ||
| 942 | _cMON | ||
| 999 |
_c6770 _d6770 |
||